[Event "Chicago"]
[Site "?"]
[Date "1996.??.??"]
[Round "?"]
[White "Kudrin, S."]
[Black "Kaidanov, G."]
[Result "0-1"]
[WhiteElo "2535"]
[BlackElo "2605"]
[PlyCount "62"]
[EventDate "1996.??.??"]
[Source "ChessBase"]
[SourceDate "1996.02.01"]

1. e4 e6 2. d4 d5 3. Nd2 Nf6 4. e5 Nfd7 5. Bd3 c5 6. c3 Nc6 7. Ne2 cxd4 8. cxd4 Nb6 9. Nf3 h6 10. Nf4 Bd7 11. a3 a5 12. b3 a4 13. b4 Rc8 14. Nh5 Nc4 15. h4 Qb6 16. Bc2 Qa6 17. Rh3 Ne7 18. Rg3 Nf5 19. Bxf5 exf5 20. Nxg7+ Bxg7 21. Rxg7 Kf8 22. Rg3 f4 23. Bxf4 Nb2 24. Qd2 Nd3+ 25. Kd1 Qc4 26. Bxh6+ Ke8 27. Ne1 Qxd4 28. Nxd3 Qxa1+ 29. Nc1 Bb5 30. Qf4 Qb2 31. Qe3 Rxc1+ 0-1

[Event "CUB-ch"]
[Site "Las Tunas"]
[Date "2001.04.09"]
[Round "9"]
[White "Abreu, Aryam"]
[Black "Nogueiras, Jesus"]
[Result "1-0"]
[WhiteElo "2480"]
[BlackElo "2557"]
[PlyCount "155"]
[EventDate "2001.04.01"]
[Source "ChessBase"]
[SourceDate "2001.07.05"]

1. e4 e6 2. d4 d5 3. Nd2 Nf6 4. e5 Nfd7 5. Bd3 c5 6. c3 Nc6 7. Ne2 cxd4 8. cxd4 Nb6 9. f4 Bd7 10. O-O h5 11. a3 g6 12. Nf3 Ne7 13. b3 Nf5 14. a4 Rc8 15. Bxf5 exf5 16. Ng5 Be7 17. Ba3 Bxa3 18. Rxa3 Qe7 19. Ra1 Qb4 20. Rb1 Ke7 21. Qd3 Rc6 22. Rfc1 Rhc8 23. Kf2 Be6 24. Nf3 Nd7 25. Ne1 Kd8 26. h4 Nb8 27. Nc2 Qe7 28. g3 Na6 29. Ne3 Nb4 30. Qd2 Rxc1 31. Rxc1 Rxc1 32. Nxc1 a5 33. Nd3 Nc6 34. Nc2 Qc7 35. Qc3 Ne7 36. Qd2 Nc6 37. Ke3 Bd7 38. Nc5 b6 39. Nd3 Bc8 40. b4 axb4 41. Ncxb4 Na5 42. Qc1 Be6 43. Qxc7+ Kxc7 44. Nb2 Nb3 45. Nd1 Na5 46. Nc3 Nc4+ 47. Kd3 Kb7 48. Ncxd5 Nb2+ 49. Kc2 Nxa4 50. Nc3 Nxc3 51. Kxc3 Kc7 52. d5 Bd7 53. Kc4 Kb7 54. Nc2 Kc7 55. Nd4 Bc8 56. Kb5 Kb7 57. Kb4 Kb8 58. Nb5 Bb7 59. e6 Bxd5 60. e7 Bc6 61. Nd6 Kc7 62. e8=Q Bxe8 63. Nxe8+ Kd7 64. Nf6+ Ke6 65. Nh7 f6 66. Nf8+ Ke7 67. Nxg6+ Kf7 68. Nh8+ Kg7 69. Kb5 Kxh8 70. Kxb6 Kh7 71. Kb5 Kh6 72. Kc5 Kg6 73. Kc6 Kg7 74. Kc7 Kg8 75. Kd6 Kh7 76. Kd7 Kh6 77. Ke8 Kg7 78. Ke7 1-0

[Event "Nikolaev zt"]
[Site "Nikolaev"]
[Date "1995.??.??"]
[Round "6"]
[White "Frolov, Artur"]
[Black "Borovikov, Vladislav"]
[Result "0-1"]
[WhiteElo "2545"]
[BlackElo "2485"]
[PlyCount "82"]
[EventDate "1995.03.??"]
[Source "ChessBase"]

1. e4 e6 2. d4 d5 3. Nd2 Nf6 4. e5 Nfd7 5. Bd3 c5 6. c3 Nc6 7. Ne2 cxd4 8. cxd4 Nb6 9. O-O Bd7 10. a3 a5 11. b3 a4 12. b4 Rc8 13. Bb2 Be7 14. f4 g6 15. Rc1 Bf8 16. Kh1 Ne7 17. Nc3 Nf5 18. Qe1 Be7 19. Qf2 h5 20. Kg1 Kf8 21. Rc2 Kg7 22. Rfc1 Rc7 23. Nd1 Rxc2 24. Rxc2 Na8 25. Ne3 Qb6 26. Nxf5+ gxf5 27. Be2 h4 28. Rc3 Bb5 29. Bd1 Qd8 30. Rh3 Rh6 31. Nf3 Nb6 32. Bc1 Qc7 33. Bd2 Qc4 34. Be1 Qc1 35. Qd2 Qa1 36. Be2 Bxe2 37. Qxe2 Nc4 38. Qc2 b5 39. Kf2 Qxa3 40. Nxh4 Bxh4+ 41. Ke2 Rg6 0-1

[Event "Porz"]
[Site "Porz GER"]
[Date "1982.??.??"]
[Round "4"]
[White "Tal, Mikhail N"]
[Black "Schmidt, Bodo"]
[Result "1-0"]
[WhiteElo "2605"]
[BlackElo "2360"]
[PlyCount "115"]
[EventDate "1981.12.??"]
[Source "www.chesslib.no"]
[SourceDate "2004.05.04"]

1. e4 e6 2. d4 d5 3. Nd2 Nf6 4. e5 Nfd7 5. Bd3 c5 6. c3 Nc6 7. Ne2 cxd4 8. cxd4 Nb6 9. O-O Bd7 10. Nf3 Be7 11. Ng3 h5 12. Be3 Nb4 13. Bb1 a5 14. a3 Nc6 15. Nd2 g6 16. Ne2 Kf8 17. Nf4 Kg7 18. Qf3 a4 19. Qg3 Bh4 20. Qh3 Be7 21. Nf3 Nc4 22. Qg3 Qg8 23. Ng5 Rh6 24. Nd3 b6 25. Ba2 N6a5 26. Rad1 Rc8 27. Nf3 Rh8 28. Bg5 Qd8 29. Rfe1 h4 30. Qg4 Rh5 31. Bxe7 Qxe7 32. Re2 Rc7 33. h3 Rc8 34. Nf4 Rh6 35. Ng5 Re8 36. Rd3 Rf8 37. Rf3 b5 38. Bb1 Nc6 39. Nxf7 Rxf7 40. Nxg6 Rxg6 41. Qxg6+ Kf8 42. Rxf7+ Qxf7 43. Qh6+ Qg7 44. Qxh4 Be8 45. Bd3 Qa7 46. Bxc4 bxc4 47. Re3 Bf7 48. Rf3 Ke8 49. Qh8+ Ke7 50. g4 Nd8 51. g5 Qxd4 52. g6 Bxg6 53. Qf8+ Kd7 54. Qd6+ Kc8 55. Rf8 Qh4 56. Qxe6+ Kc7 57. Qd6+ Kc8 58. Qxg6 1-0

[Event "Olot"]
[Site "Olot"]
[Date "1972.??.??"]
[Round "?"]
[White "Mariotti, Sergio"]
[Black "Diez del Corral, Jesus"]
[Result "1/2-1/2"]
[WhiteElo "2470"]
[BlackElo "2470"]
[PlyCount "80"]
[EventDate "1972.??.??"]
[Source "www.chesslib.no"]
[SourceDate "2004.05.04"]

1. e4 e6 2. d4 d5 3. Nd2 Nf6 4. e5 Nfd7 5. Bd3 c5 6. c3 Nc6 7. Ne2 cxd4 8. cxd4 Nb6 9. a3 a5 10. h4 Bd7 11. Nf3 a4 12. Bg5 Qb8 13. h5 h6 14. Bf4 Qd8 15. g4 Nc4 16. Qc2 Qb6 17. Rb1 Qb3 18. Qxb3 axb3 19. Nc1 N6a5 20. Nd2 Ba4 21. Rh3 Rc8 22. Bxc4 dxc4 23. Ne2 Bc6 24. Rc1 b5 25. a4 Bb4 26. axb5 Bxb5 27. Nc3 Bc6 28. Ke2 Rd8 29. Be3 Bxc3 30. Rc2 O-O 31. Rh4 Bd5 32. g5 hxg5 33. Bxg5 f6 34. Be3 Kh7 35. Ne4 Bxe4 36. Rxe4 f5 37. Rf4 Rd5 38. Rc1 Rfd8 39. Rh4 R8d7 40. Rf4 Rd8 1/2-1/2

[Event "XII WYCF b18"]
[Site "?"]
[Date "1996.10.27"]
[Round "6"]
[White "Kobalia Mikhail"]
[Black "Shaked Tal"]
[Result "1-0"]
[WhiteElo "2495"]
[BlackElo "2440"]
[PlyCount "69"]
[EventDate "1996.??.??"]
[Source "www.chesslib.no"]
[SourceDate "2004.05.04"]

1. e4 e6 2. d4 d5 3. Nd2 Nf6 4. e5 Nfd7 5. Bd3 c5 6. c3 Nc6 7. Ne2 cxd4 8. cxd4 Nb6 9. O-O Bd7 10. f4 g6 11. Nf3 h5 12. g3 a5 13. Rf2 a4 14. Nc3 Na5 15. Qc2 Rg8 16. Qe2 Rc8 17. Bd2 Nbc4 18. Be1 Be7 19. h4 b5 20. a3 Nb3 21. Rd1 Qb6 22. Bb1 b4 23. axb4 Bxb4 24. Ba2 Nca5 25. Qd3 Rc4 26. Kh2 Ke7 27. f5 Bxc3 28. f6+ Ke8 29. Bxc3 Bb5 30. Qe3 Kd7 31. Qh6 Rcc8 32. Qh7 Rcf8 33. Bb4 Rh8 34. Qg7 Rhg8 35. Bxf8 1-0

[Event "Clare Benedict Cup"]
[Site "Vienna AUT"]
[Date "1972.05.21"]
[Round "2.2"]
[White "Unzicker, Wolfgang"]
[Black "Diez del Corral, Jesus"]
[Result "1/2-1/2"]
[WhiteElo "2470"]
[BlackElo "2460"]
[PlyCount "80"]
[EventDate "1972.05.20"]
[Source "www.chesslib.no"]
[SourceDate "2004.05.04"]

1. e4 e6 2. d4 d5 3. Nd2 Nf6 4. e5 Nfd7 5. Bd3 c5 6. c3 Nc6 7. Ne2 cxd4 8. cxd4 Nb6 9. O-O Bd7 10. f4 g6 11. Nf3 Be7 12. g4 h5 13. h3 hxg4 14. hxg4 Nb4 15. Bb1 Bb5 16. Rf2 Bxe2 17. Rxe2 Qd7 18. a3 Nc6 19. b3 O-O-O 20. Raa2 Kb8 21. Be3 Rh3 22. Rh2 Rdh8 23. Rxh3 Rxh3 24. Kg2 Rh8 25. Bd3 Qc8 26. Kg3 Qd8 27. Qc1 Bh4+ 28. Kg2 Qg8 29. g5 Ne7 30. Kg1 Bg3 31. Qf1 Nf5 32. Bxf5 gxf5 33. Qg2 Bh4 34. Kf1 Nd7 35. Rc2 Nf8 36. Ke2 Ng6 37. Kd1 Qe8 38. Qf1 Bg3 39. Ng1 Rh4 40. Ne2 Rg4 1/2-1/2

[Event "Alma Ata"]
[Site "Alma Ata KAZ"]
[Date "1978.??.??"]
[Round "?"]
[White "Psakhis, Lev B"]
[Black "Stoliar, Efim S"]
[Result "1-0"]
[WhiteElo "2480"]
[BlackElo "2435"]
[PlyCount "53"]
[EventDate "1978.??.??"]
[Source "www.chesslib.no"]
[SourceDate "2004.05.04"]

1. e4 e6 2. d4 d5 3. Nd2 Nf6 4. e5 Nfd7 5. Bd3 c5 6. c3 Nc6 7. Ne2 cxd4 8. cxd4 Nb6 9. Nf3 Bd7 10. O-O a5 11. a4 Be7 12. Nf4 Nb4 13. Bb1 Rc8 14. Nh5 O-O 15. h4 Bxa4 16. Rxa4 Rxc1 17. Qxc1 Nxa4 18. b3 Nb6 19. Qf4 a4 20. bxa4 Nxa4 21. Nf6+ Bxf6 22. exf6 g6 23. Ne5 Nc6 24. Nd7 Kh8 25. Nxf8 Qxf8 26. h5 Nc3 27. Re1 1-0

[Event "Pedro Donoso mem"]
[Site "Las Condes"]
[Date "2001.??.??"]
[Round "4"]
[White "Vasquez, Rodrigo"]
[Black "Rojas, Luis"]
[Result "1-0"]
[WhiteElo "2468"]
[BlackElo "2432"]
[PlyCount "71"]
[EventDate "2001.11.??"]
[Source "ChessBase"]
[SourceDate "2002.01.21"]

1. e4 e6 2. d4 d5 3. Nd2 Nf6 4. e5 Nfd7 5. Bd3 c5 6. c3 Nc6 7. Ne2 cxd4 8. cxd4 Nb6 9. O-O Bd7 10. Nf3 Be7 11. Nf4 Nb4 12. Bb1 Ba4 13. b3 Bb5 14. Re1 a5 15. a3 Nc6 16. Nh5 g6 17. a4 Ba6 18. Nf6+ Bxf6 19. exf6 Qxf6 20. Bh6 Qe7 21. Bd3 f6 22. Rc1 Kf7 23. Bb1 Rac8 24. Qd2 Rhe8 25. Qf4 Kg8 26. Qg4 Qf7 27. h4 Nb4 28. Rxc8 Nxc8 29. h5 Bd3 30. Bxd3 Nxd3 31. Re3 Nb4 32. Nh4 f5 33. Qf4 Nc6 34. hxg6 hxg6 35. Nxg6 N6e7 36. Nxe7+ 1-0

[Event "Nice ol (Men)"]
[Site "Nice FRA"]
[Date "1974.??.??"]
[Round "14"]
[White "Penrose, Jonathan"]
[Black "Ornstein, Axel O"]
[Result "1/2-1/2"]
[WhiteElo "2450"]
[BlackElo "2430"]
[PlyCount "28"]
[EventDate "1974.06.06"]
[Source "www.chesslib.no"]
[SourceDate "2004.05.04"]

1. e4 e6 2. d4 d5 3. Nd2 Nf6 4. e5 Nfd7 5. Bd3 c5 6. c3 Nc6 7. Ne2 cxd4 8. cxd4 Nb6 9. a3 a5 10. b3 Bd7 11. O-O a4 12. b4 Be7 13. Bb2 Na7 14. Nc3 O-O 1/2-1/2

[Event "Zagreb"]
[Site "?"]
[Date "1979.??.??"]
[Round "2"]
[White "Antunac Goran"]
[Black "Bukal Vladimir Sr"]
[Result "1-0"]
[WhiteElo "2455"]
[BlackElo "2405"]
[PlyCount "93"]
[EventDate "1979.??.??"]
[Source "www.chesslib.no"]
[SourceDate "2004.05.04"]

1. e4 e6 2. d4 d5 3. Nd2 Nf6 4. e5 Nfd7 5. Bd3 c5 6. c3 Nc6 7. Ne2 cxd4 8. cxd4 Nb6 9. O-O a5 10. Nf3 Be7 11. a4 Nb4 12. Bb1 Bd7 13. Nf4 g6 14. Nd3 Nxd3 15. Bxd3 Nc8 16. Bh6 Na7 17. Qd2 Nc6 18. Bg7 Rg8 19. Qh6 Qb6 20. Qxh7 O-O-O 21. Bb5 Nxd4 22. Rac1+ Kb8 23. Nxd4 Qxd4 24. Bxd7 Qh4 25. Qxh4 Bxh4 26. Bxe6 Rxg7 27. Bg4 d4 28. Rfd1 Be7 29. Rd3 f5 30. exf6 Bxf6 31. f4 g5 32. f5 Rd5 33. Kf2 b5 34. Rc6 Be5 35. Bf3 Rd6 36. Rc5 Bxh2 37. Rxb5+ Kc8 38. Rxa5 Rb6 39. Ra8+ Bb8 40. Rxd4 Rxb2+ 41. Ke3 Kc7 42. Rc4+ Kd8 43. f6 Ra7 44. Rxa7 Bxa7+ 45. Ke4 g4 46. Bxg4 Rxg2 47. Rc8# 1-0

[Event "Magistral BCX"]
[Site "Brasilia"]
[Date "2001.08.10"]
[Round "7"]
[White "Matsuura, Everaldo"]
[Black "Limp, Eduardo"]
[Result "1-0"]
[WhiteElo "2437"]
[BlackElo "2418"]
[PlyCount "66"]
[EventDate "2001.08.05"]
[Source "ChessBase"]
[SourceDate "2001.09.11"]

1. e4 e6 2. d4 d5 3. Nd2 Nf6 4. e5 Nfd7 5. Bd3 c5 6. c3 Nc6 7. Ne2 cxd4 8. cxd4 Nb6 9. O-O Bd7 10. Nf3 a5 11. Nc3 a4 12. Bg5 Qb8 13. Be3 h6 14. Nd2 Nb4 15. Be2 a3 16. b3 Nc8 17. f4 Ne7 18. Nf3 Nf5 19. Bf2 h5 20. Qd2 Qd8 21. Rac1 Qa5 22. g3 Be7 23. h3 Rc8 24. Kg2 Na6 25. Be1 Bb4 26. Qd3 Nb8 27. g4 hxg4 28. hxg4 Ne7 29. Bd2 Bc6 30. Ng5 Ng8 31. f5 Rh6 32. fxe6 fxe6 33. Nf7 Nd7 1-0

[Event "Prague Bohemians"]
[Site "Prague CZE"]
[Date "1980.??.??"]
[Round "1"]
[White "Prandstetter, Eduard"]
[Black "Ivarsson, Stefan"]
[Result "0-1"]
[WhiteElo "2445"]
[BlackElo "2410"]
[PlyCount "85"]
[EventDate "1979.??.??"]
[Source "www.chesslib.no"]
[SourceDate "2004.05.04"]

1. e4 e6 2. d4 d5 3. Nd2 Nf6 4. e5 Nfd7 5. Bd3 c5 6. c3 Nc6 7. Ne2 cxd4 8. cxd4 Nb6 9. Nf3 Be7 10. O-O Bd7 11. a3 a5 12. b3 a4 13. b4 Na7 14. Nc3 Rc8 15. Bd2 Kf8 16. Re1 Qe8 17. Bc2 Nc4 18. Ra2 Nb5 19. Nb1 Nb6 20. h4 f6 21. exf6 Bxf6 22. Bg5 Nd6 23. Ne5 Nf7 24. Bxf6 gxf6 25. Nd3 Rc4 26. Qf3 Qe7 27. Qe3 Qd6 28. f4 Nh6 29. Ne5 Rg8 30. Bxh7 Rg7 31. Bd3 Ng4 32. Qf3 Rxd4 33. g3 f5 34. Nxg4 Rxg4 35. Kh2 Rdxf4 36. gxf4 Rxf4 37. Qg3 Rxh4+ 38. Kg2 Rg4 39. Qxg4 fxg4 40. Rf2+ Ke7 41. Rh1 Qe5 42. Rh7+ Kd6 43. Nd2 0-1

[Event "Cattolica Open"]
[Site "Cattolica ITA"]
[Date "1992.??.??"]
[Round "5"]
[White "Gorelov, Sergey G"]
[Black "Hecht, Hans-Joachim"]
[Result "1-0"]
[WhiteElo "2435"]
[BlackElo "2410"]
[PlyCount "51"]
[EventDate "1992.06.??"]
[Source "www.chesslib.no"]
[SourceDate "2004.05.04"]

1. e4 e6 2. d4 d5 3. Nd2 Nf6 4. e5 Nfd7 5. Bd3 c5 6. c3 Nc6 7. Ne2 cxd4 8. cxd4 Nb6 9. O-O Bd7 10. Nf3 Be7 11. Nf4 Rc8 12. Re1 g6 13. a3 a5 14. Nh3 h6 15. Nf4 Kf8 16. h4 Kg7 17. h5 g5 18. Ne2 a4 19. Bd2 Nc4 20. Bxc4 dxc4 21. Bc3 Be8 22. Ng3 Qd5 23. Nh2 Rd8 24. Ng4 Nxd4 25. Ne3 Qc5 26. Bxd4 1-0

[Event "Swidnica op rap"]
[Site "?"]
[Date "1998.??.??"]
[Round "?"]
[White "Ponomariov Boris"]
[Black "Bukhman Eduard"]
[Result "0-1"]
[WhiteElo "2460"]
[BlackElo "2365"]
[PlyCount "72"]
[EventDate "1998.??.??"]
[Source "www.chesslib.no"]
[SourceDate "2004.05.04"]

1. e4 e6 2. d4 d5 3. Nd2 Nf6 4. e5 Nfd7 5. Bd3 c5 6. c3 Nc6 7. Ne2 cxd4 8. cxd4 Nb6 9. a3 Bd7 10. O-O Rc8 11. b3 a6 12. Nf3 Na7 13. Bd2 Bb5 14. Bb1 Nd7 15. Ng5 Be7 16. f4 Bxg5 17. fxg5 Qb6 18. Be3 Nxe5 19. h3 Nd7 20. a4 Bxe2 21. Qxe2 Rc3 22. Qf2 O-O 23. Bd2 Rcc8 24. a5 Qxb3 25. Qe2 Nb5 26. Bxh7+ Kxh7 27. Qh5+ Kg8 28. Rf4 f6 29. g6 Rfe8 30. Qh7+ Kf8 31. Qh8+ Ke7 32. Qxg7+ Kd8 33. Rxf6 Qb2 34. Bg5 Qxd4+ 35. Kh2 Qe5+ 36. Rf4+ Qxg5 0-1

[Event "Werfen Open"]
[Site "Werfen"]
[Date "1993.??.??"]
[Round "5"]
[White "Korneev, Oleg"]
[Black "Dizdar, Selim"]
[Result "1-0"]
[WhiteElo "2490"]
[BlackElo "2330"]
[PlyCount "98"]
[EventDate "1993.??.??"]
[Source "www.chesslib.no"]
[SourceDate "2004.05.04"]

1. e4 e6 2. d4 d5 3. Nd2 Nf6 4. e5 Nfd7 5. Bd3 c5 6. c3 Nc6 7. Ne2 cxd4 8. cxd4 Nb6 9. O-O a5 10. Nf3 Bd7 11. Bg5 Be7 12. Bxe7 Qxe7 13. Ng3 g6 14. a3 a4 15. h4 h5 16. Ne2 Na5 17. Nf4 Nbc4 18. Rb1 Bb5 19. Re1 Nb3 20. Bc2 Nca5 21. Ng5 Kd7 22. Re3 Rag8 23. Rf3 Rg7 24. Bxg6 fxg6 25. Nfxe6 Kc8 26. Nxg7 Qxg7 27. Nf7 Bd7 28. Nxh8 Qxh8 29. Qc2+ Nc6 30. Rxb3 axb3 31. Qxb3 Be6 32. Qc3 Qd8 33. b4 Kb8 34. g3 Qb6 35. Rd1 Qb5 36. Qd3 Qxd3 37. Rxd3 b5 38. f3 Kc7 39. Kf2 Kd7 40. Ke3 Na7 41. Rc3 Nc8 42. Kf4 Ne7 43. g4 Nc6 44. Rxc6 Kxc6 45. Kg5 Kd7 46. gxh5 gxh5 47. Kxh5 Bf5 48. Kh6 Ke6 49. Kg7 Be4 1-0

[Event "Asia-chT"]
[Site "Singapore"]
[Date "1995.??.??"]
[Round "4"]
[White "Lhagvasuren, Cedendemberel"]
[Black "Temirbaev, Serik"]
[Result "1/2-1/2"]
[WhiteElo "2310"]
[BlackElo "2500"]
[PlyCount "118"]
[EventDate "1995.12.??"]
[Source "ChessBase"]

1. e4 e6 2. d4 d5 3. Nd2 Nf6 4. e5 Nfd7 5. Bd3 c5 6. c3 Nc6 7. Ne2 cxd4 8. cxd4 Nb6 9. O-O Bd7 10. Nf3 Be7 11. Nf4 a5 12. a4 Nb4 13. Bb1 Nc8 14. Nd3 Nxd3 15. Bxd3 Na7 16. Be3 Nc6 17. Bb5 Nb4 18. Bxd7+ Qxd7 19. Qe2 O-O 20. Rfc1 Rfc8 21. b3 h6 22. h3 Bf8 23. Ne1 Rxc1 24. Rxc1 Rc8 25. Rxc8 Qxc8 26. Qd2 Qc6 27. Nd3 Nc2 28. Ne1 Nxe3 29. Qxe3 Bb4 30. Nf3 Qc2 31. g4 Ba3 32. Kf1 Bb2 33. Kg2 b6 34. Ne1 Qb1 35. Nf3 Qd1 36. h4 Qb1 37. g5 h5 38. Qd2 Ba1 39. Qe3 Qe4 40. Kf1 Bb2 41. Qe2 Ba1 42. Qe3 g6 43. Kg2 Bb2 44. Kf1 Qc2 45. Ne1 Qd1 46. Qd3 Qxd3+ 47. Nxd3 Bxd4 48. Ke2 Kf8 49. Kf3 Ke7 50. Kf4 Kd7 51. Kf3 Kc6 52. Ke2 b5 53. Kf3 Bb6 54. Kf4 Bd4 55. Kf3 Bc3 56. Ke3 Bb4 57. Nxb4+ axb4 58. axb5+ Kxb5 59. f4 Kc5 1/2-1/2

[Event "Santa Fe Bogota 4th"]
[Site "Bogota COL"]
[Date "1979.??.??"]
[Round "2"]
[White "Zapata, Alonso"]
[Black "Cuartas, Carlos E"]
[Result "1/2-1/2"]
[WhiteElo "2375"]
[BlackElo "2425"]
[PlyCount "212"]
[EventDate "1979.??.??"]
[Source "www.chesslib.no"]
[SourceDate "2004.05.04"]

1. e4 e6 2. d4 d5 3. Nd2 Nf6 4. e5 Nfd7 5. Bd3 c5 6. c3 Nc6 7. Ne2 cxd4 8. cxd4 Nb6 9. f4 g6 10. O-O h5 11. Nf3 Bd7 12. Kh1 Rc8 13. Rg1 Be7 14. g4 hxg4 15. Rxg4 Nb4 16. Bb1 Qc7 17. Ne1 Bh4 18. Rg2 Bxe1 19. Qxe1 Nc2 20. Bxc2 Qxc2 21. Ng3 Qd3 22. Qd2 Qxd2 23. Bxd2 Bb5 24. b3 Kd7 25. Bb4 Na8 26. Rd1 Rc6 27. Rb2 b6 28. a4 Ba6 29. Kg2 Nc7 30. Nh1 Ne8 31. a5 Ng7 32. Ng3 Rhc8 33. axb6 Rc2+ 34. Rd2 Rxb2 35. Rxb2 axb6 36. Ra2 Bd3 37. Ra7+ Rc7 38. Rxc7+ Kxc7 39. Kf3 Ne8 40. Bf8 Bc2 41. b4 Kc6 42. Ke3 Nc7 43. Nf1 Nb5 44. Nd2 Bf5 45. Nf3 Na3 46. Kd2 Nc4+ 47. Kc3 Kd7 48. Bh6 Ke8 49. Bg5 Na3 50. Kd2 Bg4 51. Ne1 Nb5 52. Ke3 Kd7 53. Nd3 Bf5 54. Nb2 Kc6 55. Be7 Na3 56. Kd2 Nb1+ 57. Kc1 Na3 58. Kd2 Kb5 59. Kc3 Nb1+ 60. Kb3 Nd2+ 61. Kc3 Nf1 62. h4 Ne3 63. Bd8 Be4 64. Be7 Nf5 65. Bd8 Ng3 66. Kd2 Kxb4 67. Bxb6 Nf5 68. Nd1 Nxh4 69. Ne3 Kb3 70. Bc5 Nf3+ 71. Ke2 Nh2 72. Kd2 Bf3 73. Bb6 Bh5 74. Kd3 Nf3 75. Ng2 Ng1 76. Ba5 Be2+ 77. Ke3 Bb5 78. Ne1 Ne2 79. Nf3 Ng3 80. Nh4 Kc2 81. Be1 Nf1+ 82. Kf2 Nd2 83. Nf3 Nc4 84. Ng5 Be8 85. Ke2 Nb2 86. Ba5 Bb5+ 87. Kf3 Nc4 88. Be1 Kd1 89. Bb4 Be8 90. Kf2 Kc2 91. Ke2 Bb5 92. Kf3 Kd3 93. Nxf7 Kxd4 94. Ng5 Bd7 95. Nh7 Bc8 96. Kg4 Ke3 97. Kg5 Kf3 98. Nf8 d4 99. Nxg6 d3 100. Ne7 Bd7 101. f5 exf5 102. Nxf5 Nxe5 103. Nd4+ Ke3 104. Nb3 Nf3+ 105. Kf6 Ba4 106. Nc5 Bc2 1/2-1/2

[Event "Tuzla"]
[Site "Tuzla"]
[Date "1981.??.??"]
[Round "11"]
[White "Popovic, Petar"]
[Black "Sprecic, Mustafa"]
[Result "1-0"]
[WhiteElo "2490"]
[BlackElo "2310"]
[PlyCount "115"]
[EventDate "1981.10.??"]
[Source "ChessBase"]

1. e4 e6 2. d4 d5 3. Nd2 Nf6 4. e5 Nfd7 5. Bd3 c5 6. c3 Nc6 7. Ne2 cxd4 8. cxd4 Nb6 9. Nf3 Bd7 10. Nc3 Be7 11. h4 h6 12. h5 a5 13. Rh3 a4 14. Rg3 Kf8 15. Kf1 Be8 16. Kg1 Rc8 17. Bb5 a3 18. bxa3 Na5 19. Bxe8 Qxe8 20. Nh2 f5 21. exf6 Bxf6 22. Ne2 Qxh5 23. Qe1 Nc6 24. Rb1 Nc4 25. Rxb7 Nd8 26. Nf4 Qe8 27. Ra7 h5 28. Nf3 Nd6 29. Ne5 Kg8 30. Nfg6 Nf5 31. Rc3 Nc6 32. Rxc6 Rxc6 33. Nxc6 Qxc6 34. Nxh8 Bxd4 35. Rf7 Kxh8 36. Bd2 Kg8 37. Rxf5 exf5 38. Qe2 g6 39. a4 Qc2 40. a5 Kf7 41. a6 Qxa2 42. Qd3 Qa1+ 43. Kh2 Bxf2 44. Qxd5+ Kg7 45. Qd7+ Kg8 46. Qc8+ Kh7 47. Qc7+ Kg8 48. Qc4+ Kh7 49. Qf7+ Qg7 50. Qb7 Kg8 51. Qc8+ Qf8 52. Qc6 Qb8+ 53. Kh1 Qg3 54. Qe8+ Kg7 55. Qe7+ Kg8 56. Qe6+ Kg7 57. Qe7+ Kg8 58. Qf6 1-0

[Event "Corr"]
[Site "?"]
[Date "1997.??.??"]
[Round "?"]
[White "Patocka Franz"]
[Black "Eveleens Wim"]
[Result "1-0"]
[WhiteElo "2371"]
[BlackElo "2411"]
[PlyCount "39"]
[EventDate "1997.??.??"]
[Source "www.chesslib.no"]
[SourceDate "2004.05.04"]

1. e4 e6 2. d4 d5 3. Nd2 Nf6 4. e5 Nfd7 5. Bd3 c5 6. c3 Nc6 7. Ne2 cxd4 8. cxd4 Nb6 9. O-O a5 10. Nf3 Be7 11. a3 Bd7 12. b3 a4 13. b4 Na7 14. Nc3 Rc8 15. Bd2 O-O 16. Rc1 Nc4 17. Bxc4 Rxc4 18. Nxa4 Nb5 19. Nc5 Bc6 20. Nb3 1-0

[Event "Hotel Opatija IM 9th"]
[Site "Kastav"]
[Date "2002.04.20"]
[Round "11"]
[White "Rogic, Davor"]
[Black "Jurkovic, Ante"]
[Result "1-0"]
[WhiteElo "2478"]
[BlackElo "2301"]
[PlyCount "65"]
[EventDate "2002.04.10"]
[Source "ChessBase"]
[SourceDate "2002.05.03"]

1. e4 e6 2. d4 d5 3. Nd2 Nf6 4. e5 Nfd7 5. Bd3 c5 6. c3 Nc6 7. Ne2 cxd4 8. cxd4 Nb6 9. Nf3 Bd7 10. a3 a5 11. Nc3 h6 12. h4 a4 13. Bc2 Ne7 14. Kf1 Bc6 15. Rh3 Qd7 16. h5 Nc4 17. Kg1 b5 18. Ne1 Qa7 19. Rf3 Na5 20. Rf4 Nb7 21. Bd2 Nc8 22. Qf3 Nd8 23. Na2 Nb6 24. Bb4 Nc4 25. Nd3 Bxb4 26. Naxb4 O-O 27. Rg4 f5 28. exf6 Nd2 29. Qe2 Rxf6 30. Qxd2 Be8 31. Nf4 Rc8 32. Qd3 Kf8 33. Qh7 1-0

[Event "Prokojevsk"]
[Site "?"]
[Date "1998.??.??"]
[Round "5"]
[White "Isupov Vladimir"]
[Black "Belkin Andr"]
[Result "0-1"]
[WhiteElo "2365"]
[BlackElo "2410"]
[PlyCount "104"]
[EventDate "1998.??.??"]
[Source "www.chesslib.no"]
[SourceDate "2004.05.04"]

1. e4 e6 2. d4 d5 3. Nd2 Nf6 4. e5 Nfd7 5. Bd3 c5 6. c3 Nc6 7. Ne2 cxd4 8. cxd4 Nb6 9. O-O Be7 10. Nf3 a5 11. Nf4 g6 12. a4 Nb4 13. Bb1 Bd7 14. Ne2 h6 15. b3 Nc8 16. Nc3 Na7 17. Qd2 Qb6 18. h4 O-O-O 19. Qd1 Rdg8 20. g3 Kb8 21. Be3 g5 22. h5 Rc8 23. Ne2 Nac6 24. Nh2 f5 25. exf6 Bxf6 26. Ng4 Bg7 27. Kg2 Ne7 28. f4 gxf4 29. Bxf4+ Ka8 30. Be5 Bxe5 31. Nxe5 Be8 32. Nf4 Nf5 33. Bxf5 exf5 34. Rf2 Rg8 35. Neg6 Rc3 36. Rb1 Bxg6 37. hxg6 Rxg6 38. Nxg6 Qxg6 39. Rf3 Rc2+ 40. Rf2 f4 41. Rxc2 Nxc2 42. Kg1 Qxg3+ 43. Kh1 Qh3+ 44. Kg1 Qe3+ 45. Kh1 Qe4+ 46. Kh2 Nxd4 47. Rb2 f3 48. Qd2 Qh4+ 49. Kg1 Ne2+ 50. Kf1 Ng3+ 51. Kg1 Qh1+ 52. Kf2 Ne4+ 0-1

[Event "BL2-West 0001"]
[Site "Germany"]
[Date "2000.12.10"]
[Round "3.3"]
[White "Coenen, Norbert"]
[Black "Haub, Thorsten Michael"]
[Result "1-0"]
[WhiteElo "2403"]
[BlackElo "2370"]
[PlyCount "119"]
[EventDate "2000.10.15"]
[Source "ChessBase"]
[SourceDate "2001.07.03"]

1. e4 e6 2. d4 d5 3. Nd2 Nf6 4. e5 Nfd7 5. Bd3 c5 6. c3 Nc6 7. Ne2 cxd4 8. cxd4 Nb6 9. O-O Bd7 10. f4 g6 11. Nf3 h5 12. Be3 Rc8 13. Bf2 Nb4 14. Bh4 Be7 15. Bxe7 Qxe7 16. a3 Nxd3 17. Qxd3 Nc4 18. Rfc1 O-O 19. Rab1 Bb5 20. Nc3 Ba6 21. Qc2 Kg7 22. Qf2 Rh8 23. Rc2 Nb6 24. Qe3 Nc4 25. Qe1 h4 26. Rbc1 Nb6 27. Qe3 Nc4 28. Qf2 Nb6 29. Ne1 Bc4 30. Nd1 h3 31. g4 a5 32. Nf3 a4 33. Rc3 Bb3 34. Rxc8 Nxc8 35. Ne3 Nb6 36. f5 Qd8 37. f6+ Kg8 38. Ng5 Nc4 39. Rc3 Qb6 40. Nxc4 Bxc4 41. Nxh3 Kf8 42. Ng5 Ke8 43. Kg2 Qb5 44. Qd2 Bf1+ 45. Kg3 Bc4 46. Re3 Qb6 47. Qb4 Qxb4 48. axb4 Rf8 49. Ra3 Bb3 50. Ra1 Kd7 51. Rc1 Bc4 52. Ne4 dxe4 53. Rxc4 g5 54. b5 Ra8 55. b6 a3 56. Rc7+ Ke8 57. bxa3 Rxa3+ 58. Kf2 Rd3 59. Rxb7 Rxd4 60. Re7+ 1-0

[Event "Wch U20"]
[Site "Yerevan"]
[Date "1999.09.19"]
[Round "2"]
[White "Vajda, Levente"]
[Black "Petrosian, Davit"]
[Result "0-1"]
[WhiteElo "2462"]
[BlackElo "2309"]
[PlyCount "82"]
[EventDate "1999.09.18"]
[Source "ChessBase"]
[SourceDate "1999.11.18"]

1. e4 e6 2. d4 d5 3. Nd2 Nf6 4. e5 Nfd7 5. Bd3 c5 6. c3 Nc6 7. Ne2 cxd4 8. cxd4 Nb6 9. O-O Bd7 10. a3 a5 11. f4 g6 12. Nf3 h5 13. Nc3 a4 14. Rb1 Na5 15. Be3 Nbc4 16. Bf2 b5 17. Re1 Bc6 18. Na2 Qb6 19. Re2 Bd7 20. Qe1 Nc6 21. Nc3 N6a5 22. Ng5 Bc6 23. Na2 Bb7 24. Nb4 Rd8 25. Bc2 Nc6 26. Nxc6 Bxc6 27. Qc3 b4 28. Qg3 Rh6 29. axb4 Bxb4 30. Nxf7 Kxf7 31. Qg5 Bf8 32. Qf6+ Kg8 33. Bh4 Re8 34. Bxg6 Qa7 35. f5 Bg7 36. Qg5 Qxd4+ 37. Kh1 Qg4 38. Bxe8 Bxe8 39. Rf2 exf5 40. Qd8 Re6 41. Be7 Kf7 0-1

[Event "Corr"]
[Site "?"]
[Date "1997.05.12"]
[Round "?"]
[White "Lyukmanov Vyacheslav Borisovi"]
[Black "Hebert Jean (CAN)"]
[Result "1/2-1/2"]
[WhiteElo "2245"]
[BlackElo "2510"]
[PlyCount "55"]
[EventDate "1997.??.??"]
[Source "www.chesslib.no"]
[SourceDate "2004.05.04"]

1. e4 e6 2. d4 d5 3. Nd2 Nf6 4. e5 Nfd7 5. Bd3 c5 6. c3 Nc6 7. Ne2 cxd4 8. cxd4 Nb6 9. a3 a5 10. b3 Bd7 11. O-O a4 12. b4 Rc8 13. f4 g6 14. Bb2 Ne7 15. Rc1 Nf5 16. Rxc8 Qxc8 17. Qc1 Qd8 18. Qc3 Be7 19. Rc1 O-O 20. Qc7 Bc6 21. Qxd8 Rxd8 22. g4 Ng7 23. Kf2 Rc8 24. Ke3 Bd7 25. Rxc8+ Nxc8 26. Nc3 f5 27. g5 Ne8 28. h4 1/2-1/2